000 00581nam a2200241 a 4500
001 nice12345678
003 IN_TiNIC
005 20260116014447.0
008 070416s2002 newa grp 000 0 eng
020 _a0761996222
_c460
082 0 0 _a362.1969
_bPAN
100 _aPanda, Samiran
245 _aLiving With the Aids Virus
260 _aNew Delhi
_bSage Publications
_c2002
300 _a204p
500 _aincludes index and biblioraphy
505 2 _aIndex
650 _aAids
700 1 _aPanda, Samiran
902 _bSRS
942 _cBK
999 _c15436
_d15436